00325nam a22001331a 4500020000900000040002600009050002400035100002200059245005100081260001900132500001500151600002200166852000300188 c0.00 aNEGST Library - Kenya aPL 8581.M83S93 1972 aU. Mwakyusa A. O. aSwahili - English - Nyakyusa Wordlist h[Text] b[S.I:s.nc1972 a[Africana] aNyakyusa Language